000 00721nam a2200241 a 4500
001 12553
003 BD-RjUL
005 20211208235320.0
008 140129s1950 nyua b 001 0 eng d
035 _a(BD-RjUL)12602
040 _aDLC
_cDLC
_dDLC
_dBD-RjUL
_beng
041 _aeng
082 0 0 _a592
_bSEL 1950
_223
245 1 0 _aSelected invertebrate types /
_cedited by Frank A. Brown,
260 _aNew York ;
_aTokyo :
_bWiley,
_cc1950 [Reprint 1962-1967]
300 _axx, 597 p. :
_bill. ;
_c23 cm.
504 _aBibliography and index
650 0 _aInvertebrates.
_939099
650 0 _aZoology
_vLaboratory manuals.
_939100
700 _aBrown, Frank A. , ed.
_9234084
942 _2ddc
_cBK
999 _c12553
_d12553